De 19e eeuw - Statistieken

Algemene statistieken
  • Deze quiz is 55 keer genomen
  • De gemiddelde score is 8 van 20
Antwoordstatistieken
Jaar Beschrijving Antwoord % Correct
1869 Dit kanaal in Egypte wordt voltooid Suez Kanaal
93%
1824 Deze componist voltooid zijn 9e en laatste symfonie Ludwig Von Beethoven
79%
1837-1901 Deze Britse koningin regeert bijna de hele eeuw over het Britse Rijk Koningin Victoria
64%
1839-1860 China en het Westen vechten twee oorlogen uit over deze drug Opium
64%
1889 Deze toren wordt de hoogste door mensen gemaakte structuur {Eiffel}toren
61%
1865 Deze politieke leider werd vermoord in het Ford Theatre Abraham Lincoln
57%
1873 Levi Strauss vind dit kledingstuk uit Jeans
54%
1831 Deze natuurkundige begint aan zijn beroemde tocht met de HMS Beagle Charles Darwin
50%
1865 Een eerste expeditie slaagt erin om deze Zwitserse berg te beklimmen Matterhorn
46%
1818 Mary Shelley schrijft deze horrorroman Frankenstein
36%
1803 De VS koopt dit gebied van Frankrijk Louisiana
36%
1877 Deze uitvinder patenteert de grammofoon Thomas Edison
36%
1819 Deze bevrijder wordt de eerste president van Gran Colombia Simón Bolívar
29%
1804 Dit land wordt onafhankelijk na een slavenopstand Haïti
25%
1816-1828 Deze strijdkoning verenigt de Zulutroepen Shaka Zulu
25%
1836 Deze kortlevende republiek verklaart de onafhankelijkheid van Mexico Texas
21%
1844 Met deze nieuwe technologie kunnen geluidsboodschappen worden verstuurd Telegrafie
11%
1825 Dit kanaal verbind de Grote Meren met de Atlantische Oceaan Erie Kanaal
4%
1815 Napoleon wordt verslagen in deze veldslag Slag van Waterloo
4%
1824 Deze dichter overlijdt in zijn strijd voor Griekse onafhankelijkheid Lord Byron
0%
Geen overeenkomende quizzen gevonden
Scoreverdeling
Procent van Mensen met Elke Score
Percentiel versus Aantal Correcte Antwoorden
Uw Scoregeschiedenis
U heeft deze quiz nog niet genomen